000
00335 a2200121 4500
001
ART_17537
005
20260410161750.0
008
260409a
245
1
0
_a
Your Gut Still not Smarterthan your Head
100
1
_a
Clancy, Kevin
700
1
_a
Krieg, Peter
773
0
_t
Book Summary
_g
- NÂș 11 (ene. 2008)
_w
REV4099
999
_c
19593
_d
19593